[Event "4th North Sea Cup"]
[Site "Esbjerg DEN"]
[Date "1979.07.21"]
[Round "13"]
[White "Vadasz, Laszlo"]
[Black "Mestel, Andrew Jonathan"]
[Result "1-0"]
[WhiteElo "2490"]
[BlackElo "2475"]
[EventDate "1979.07.06"]
[PlyCount "99"]

1.Nf3 g6 2.c4 Bg7 3.d4 d6 4.g3 Nf6 5.Bg2 O-O 6.O-O c6 7.Nc3 Qa5 8.h3 e5 9.
e4 exd4 10.Nxd4 Qc5 11.Be3 Qxc4 12.a3 Qa6 13.b4 Bd7 14.Re1 b6 15.Kh2 Ne8 
16.Qd2 Qc8 17.Bh6 a6 18.Bxg7 Kxg7 19.Nc2 f6 20.f4 Ra7 21.Rac1 Be6 22.Nd4 
Qd7 23.h4 Bg4 24.f5 Nc7 25.Qf4 c5 26.Qxg4 cxd4 27.Nd5 Nc6 28.Nxb6 Ne5 29.
Qd1 Qd8 30.Qxd4 Nb5 31.Qg1 Rb7 32.Nd5 Nd3 33.Nf4 Nxf4 34.gxf4 Rc7 35.Bh3 
Qc8 36.fxg6 Rc2+ 37.Rxc2 Qxc2+ 38.Kh1 Qc3 39.Re3 Qd4 40.gxh7+ Kh8 41.Bf5 
d5 42.h5 Qa7 43.exd5 Nd6 44.Be6 Qxh7 45.Qg6 Qxg6 46.hxg6 f5 47.Rc3 Kg7 48.
Rc6 Rd8 49.Rxa6 Kxg6 50.Kg2 1-0

[Event "4th North Sea Cup"]
[Site "Esbjerg DEN"]
[Date "1979.07.15"]
[Round "8"]
[White "Westerinen, Heikki"]
[Black "Hartston, William Roland"]
[Result "1-0"]
[WhiteElo "2465"]
[BlackElo "2485"]
[EventDate "1979.07.06"]
[PlyCount "83"]

1.e4 c5 2.c3 Nf6 3.e5 Nd5 4.d4 cxd4 5.cxd4 e6 6.Nf3 d6 7.Bc4 Be7 8.O-O O-O
9.Qe2 Nc6 10.Nc3 dxe5 11.dxe5 Nxc3 12.bxc3 b6 13.Qe4 Bb7 14.Bd3 g6 15.Bh6 
Re8 16.Qe3 Bc5 17.Qe2 Qc7 18.Rfe1 Ne7 19.Rac1 Nf5 20.Bg5 Be7 21.Be4 Rac8 
22.Bxb7 Qxb7 23.Bf6 h5 24.h3 b5 25.g4 Ng7 26.Nd2 Red8 27.Ne4 Rc4 28.Qe3 
Kh7 29.Bxe7 Rxe4 30.Qxe4 Qxe7 31.Rcd1 Rc8 32.Re3 Qg5 33.Kh2 Kg8 34.Rd4 Qh4
35.Kg2 Qg5 36.Qf4 Qe7 37.Red3 Qb7+ 38.Qf3 Qb6 39.Rd7 Rf8 40.Rb7 hxg4 41.
hxg4 Qc5 42.Rd8 1-0

[Event "4th North Sea Cup"]
[Site "Esbjerg DEN"]
[Date "1979.07.16"]
[Round "9"]
[White "Mestel, Andrew Jonathan"]
[Black "Fries-Nielsen, Jens Ove"]
[Result "0-1"]
[WhiteElo "2475"]
[BlackElo "2310"]
[EventDate "1979.07.06"]
[PlyCount "146"]

1.e4 e6 2.d4 d5 3.Nd2 c5 4.Ngf3 Nc6 5.exd5 exd5 6.Bb5 Bd6 7.dxc5 Bxc5 8.
O-O Ne7 9.Nb3 Bd6 10.Bd2 O-O 11.Bc3 Ng6 12.Re1 Bf5 13.Nbd4 Bd7 14.Bd3 Nxd4
15.Nxd4 Nf4 16.Re3 Qh4 17.Rg3 Ng6 18.Bxg6 fxg6 19.Nf3 Qe4 20.Rg5 Bf5 21.
Qd4 Rf7 22.Ne5 Qxd4 23.Bxd4 Bxe5 24.Bxe5 Bxc2 25.Bd4 Bf5 26.Rg3 Rc7 27.h4 
Rc4 28.Rd1 b5 29.Re3 Kf7 30.Re5 Be6 31.b3 Rc2 32.Rd3 Rc6 33.Rf3+ Kg8 34.
Rfe3 Kf7 35.h5 gxh5 36.Rxh5 Kg8 37.Rg3 g6 38.Rxg6+ hxg6 39.Rh8+ Kf7 40.
Rxa8 a6 41.Ra7+ Ke8 42.Kh2 Bc8 43.Kg3 Rc2 44.Kf4 Rxa2 45.Rc7 Bd7 46.Kg5 a5
47.Kxg6 a4 48.b4 Rd2 49.Be3 Rb2 50.Ra7 Bc6 51.Kf6 Rxb4 52.Re7+ Kd8 53.Bb6+
Kc8 54.Rc7+ Kb8 55.Rxc6 Kb7 56.Re6 a3 57.Bc5 a2 58.Rb6+ Ka7 59.Re6+ Kb7 
60.Re1 Rb1 61.Re7+ Kc6 62.Bd4 b4 63.Re2 b3 64.Rd2 Kb5 65.Be5 Re1 66.Bb2 
Kc4 67.g4 Rb1 68.Be5 a1=Q 69.Bxa1 Rxa1 70.f4 Ra2 71.Rd1 b2 72.Rb1 d4 73.g5
Kc3 0-1